[Event "POL-chT 2nd League"]
[Site "Poronin"]
[Date "2020.09.06"]
[Round "2.2"]
[White "Jaskolka, Tomasz"]
[Black "Leskiewicz, Ignacy"]
[Result "0-1"]
[WhiteElo "2177"]
[BlackElo "2157"]
[PlyCount "82"]
[EventDate "2020.09.05"]
[EventType "team-swiss"]
[EventRounds "9"]
[EventCountry "POL"]
[SourceTitle "CBM 198 Extra"]
[Source "ChessBase"]
[SourceDate "2020.11.30"]
[SourceVersion "1"]
[SourceVersionDate "2020.11.30"]
[SourceQuality "1"]
[WhiteTeam "Stara Wies Parnas"]
[BlackTeam "Konin UKS Smecz"]
[WhiteTeamCountry "POL"]
[BlackTeamCountry "POL"]

1. d4 Nf6 2. c4 g6 3. Nc3 Bg7 4. e4 0-0 5. Be3 d6 6. Be2 Nbd7 7. Qd2 c5 8. h3 cxd4 9. Bxd4 Nc5 10. Bd3 Qa5 11. Rd1 Be6 12. Nge2 Rfc8 13. b3 a6 14. 0-0 b5 15. Nf4 bxc4 16. bxc4 Bh6 17. Bxf6 exf6 18. g3 Nxd3 19. Qxd3 Bxc4 20. Qd4 Bxf1 21. Ncd5 Bc4 22. Ne7+ Kg7 23. Nf5+ gxf5 24. Nh5+ Kg8 25. Qxf6 Be2 26. Qxh6 Bxh5 27. Qxh5 Qe5 28. exf5 Rc5 29. Qg5+ Kh8 30. Qh6 Qxf5 31. Rxd6 Rac8 32. Qd2 Qe5 33. Rxa6 Rc1+ 34. Kh2 Qe4 35. g4 R1c2 36. Qg5 Rxf2+ 37. Kg3 Qe1 38. Qa5 Rd2+ 39. Kf4 Qf2+ 40. Kg5 Rc5+ 41. Kh6 Qf4+ 0-1

[Event "Suwalki Warakomska Memorial op 4th"]
[Site "Suwalki"]
[Date "2020.08.11"]
[Round "7"]
[White "Leskiewicz, Ignacy"]
[Black "Krasiewicz, Robert"]
[Result "1-0"]
[WhiteElo "2190"]
[BlackElo "2033"]
[PlyCount "45"]
[EventDate "2020.08.06"]
[EventType "swiss"]
[EventRounds "9"]
[EventCountry "POL"]
[SourceTitle "CBM 197 Extra"]
[Source "ChessBase"]
[SourceDate "2020.09.30"]
[SourceVersion "1"]
[SourceVersionDate "2020.09.30"]
[SourceQuality "1"]

1. e4 g6 2. d4 Bg7 3. Nc3 d6 4. Be3 a6 5. Qd2 b5 6. h4 Nf6 7. f3 h5 8. 0-0-0 c6 9. Kb1 Qc7 10. Bf4 b4 11. Na4 a5 12. Bc4 Ba6 13. Bb3 0-0 14. e5 Nd5 15. exd6 exd6 16. g4 Nxf4 17. Qxf4 hxg4 18. h5 gxh5 19. Rxh5 Nd7 20. Rg5 Kh8 21. Rxg7 Kxg7 22. Qg5+ Kh8 23. Ne2 1-0